| 000 | 00673nam a22002417a 4500 | ||
|---|---|---|---|
| 005 | 20170124110254.0 | ||
| 010 | _a408868 | ||
| 020 | _c00.00 | ||
| 035 | _a408868 | ||
| 037 | _bCen Lib/Ret | ||
| 040 |
_aDPL _bEN |
||
| 082 |
_a617 _bBAI |
||
| 100 |
_aBailey, Hamilton _9101214 |
||
| 245 |
_aA short practice of surgery / _cby Hamilton Bailey [and] MacNeill Love |
||
| 250 | _a12th ed. | ||
| 260 |
_aLondon _bH.K.Lewis _c1962 |
||
| 270 | _bLondon | ||
| 300 |
_aix,1330p. : _c21cm(Hb) _bill. |
||
| 650 |
_aSurgical Procedures, Operative. _9101215 |
||
| 650 |
_aSurgery. _9104373 |
||
| 700 |
_aMacNeill Love _9101217 |
||
| 942 |
_2ddc _cEN _h617 _mBAI |
||
| 999 |
_c136060 _d136060 |
||